Most Common Baby Names - Statistics

General Stats
  • This quiz has been taken 470 times
  • The average score is 13 of 20
Answer Stats
Gender Letter Name % Correct
Female #2 O Olivia
89%
Female #1 E Emma
83%
Male #7 O Oliver
82%
Male #1 L Liam
79%
Female #6 I Isabella
74%
Male #10 J Jacob
74%
Male #2 N Noah
73%
Female #3 S Sophia
73%
Male #5 L Lucas
71%
Male #3 E Ethan
69%
Female #5 M Mia
66%
Female #4 A Ava
65%
Male #4 M Mason
59%
Female #8 A Amelia
52%
Female #10 M Madison
51%
Male #8 J Jackson
48%
Female #7 C Charlotte
47%
Male #6 L Logan
44%
Male #9 A Aiden
43%
Female #9 H Harper
43%
No matching quizzes found
Score Distribution
Percent of People with Each Score
Percentile by Number Answered
Your Score History
You have not taken this quiz